000 00792nam a2200253 i 4500
001 105485
003 ES-MaACL
005 20250704063117.0
007 t|
008 060719s1963 sp ||||1| spa d
080 _a821.134.2-31"19"
080 _a94(460)"1936/39"(0:82)
100 1 _aGironella, José María,
_d1917-2003
_957298
245 1 0 _aUn millón de muertos
_b: novela /
_cJosé María Gironella.
250 _a8ª ed.
260 _aBarcelona :
_bPlaneta,
_c1963.
300 _a819 p. :
_bretr. ;
_c22 cm.
490 1 _aOmnibus ;
_v24
500 _aBiblioteca Juan Andrade.
651 4 _aEspaña-
_xHistoria-
_y1936-1939, Guerra civil-
_vNovelas.
_98310
830 0 _aOmnibus ;
_v24
_9177342
852 _aES-MaACL
_jAND-281
_bR.109598
999 _c105485
_d105485